|
|
|
|
| LEADER |
00620nam a22001697a 4500 |
| 008 |
210505b ||||| |||| 00| 0 eng d |
| 041 |
|
|
|a eng
|
| 082 |
|
|
|2 813.52G2
|
| 100 |
|
|
|a Goulart, Ron
|
| 245 |
|
|
|a Broke down engine :
|b and other troubles with machines /
|c Ron Goulart
|
| 260 |
|
|
|a New York :
|b Collier Books,
|c 1972
|
| 300 |
|
|
|a 192p.;
|c 18cm.
|
| 650 |
|
7 |
|a Science fiction
|2 fast
|9 1169514
|
| 653 |
|
|
|a Stories-English
|
| 942 |
|
|
|c BK
|
| 999 |
|
|
|c 358491
|d 358491
|
| 952 |
|
|
|0 0
|1 0
|2 ddc
|4 0
|6 813_000000000000000_52G2_BRO
|7 0
|9 416174
|a UL
|b UL
|c PROC
|d 2021-05-05
|e Donation -I.G.Bhaskara Panikker Family
|o 813.52G2 BRO
|p G13257
|r 2021-05-05
|y BK
|